Lehrein (Record no. 329989)

000 -LEADER
fixed length control field 00564nam a22001817a 4500
003 - CONTROL NUMBER IDENTIFIER
control field NUST
005 - DATE AND TIME OF LATEST TRANSACTION
control field 20170615101856.0
008 - FIXED-LENGTH DATA ELEMENTS--GENERAL INFORMATION
fixed length control field 151003b xxu||||| |||| 00| 0 eng d
020 ## - INTERNATIONAL STANDARD BOOK NUMBER
International Standard Book Number 9693512227
040 ## - CATALOGING SOURCE
Transcribing agency NUST
082 ## - DEWEY DECIMAL CLASSIFICATION NUMBER
Classification number 891.4397
Author Mark SHA
100 ## - MAIN ENTRY--PERSONAL NAME
9 (RLIN) 12957
Personal name Shafiq ur Rehman
245 ## - TITLE STATEMENT
Title Lehrein
Statement of responsibility, etc. Shafiq ur Rehman
260 ## - PUBLICATION, DISTRIBUTION, ETC.
Date of publication, distribution, etc. Lahore:
Place of publication, distribution, etc. Sang-e- Meel
Name of publisher, distributor, etc. 2003
300 ## - PHYSICAL DESCRIPTION
Extent 153 p.
500 ## - GENERAL NOTE
General note Satire
546 ## - LANGUAGE NOTE
Language note In Urdu
650 ## - SUBJECT ADDED ENTRY--TOPICAL TERM
9 (RLIN) 12958
Topical term or geographic name entry element Urdu Literature
General subdivision General
880 ## - ALTERNATE GRAPHIC REPRESENTATION
Title لہریں
Linkage 245-02\(3\r
c شفیق الرحمٰن
880 ## - ALTERNATE GRAPHIC REPRESENTATION
Title شفیق الرحمٰن
Linkage 100-01\(3\r
880 ## - ALTERNATE GRAPHIC REPRESENTATION
Title لاہور:
Linkage 260-03\(3\r
b سنگ میل پبلی کیشنز،
c 2010
942 ## - ADDED ENTRY ELEMENTS (KOHA)
Source of classification or shelving scheme
Koha item type Book
Holdings
Withdrawn status Lost status Source of classification or shelving scheme Damaged status Not for loan Collection code Permanent Location Current Location Shelving location Date acquired Total Checkouts Total Renewals Full call number Barcode Date last seen Date last checked out Copy number Price effective from Koha item type
            Central Library (CL) Central Library (CL) Fiction 06/02/2017 6 5 891.4397 SHA CL2960 10/07/2024 11/11/2020 1 06/02/2017 Book
© 2023 Central Library, National University of Sciences and Technology. All Rights Reserved.